Killer differentiators: (Record no. 29412)

MARC details
000 -LEADER
fixed length control field 00923nam a2200241 4500
005 - DATE AND TIME OF LATEST TRANSACTION
control field 20090821144914.0
008 - FIXED-LENGTH DATA ELEMENTS--GENERAL INFORMATION
fixed length control field 700514s1968 enka | 00| 1 eng
010 ## - LCCN (DPL NO)
LC control number ENG-94802
020 ## - INTERNATIONAL STANDARD BOOK NUMBER
Terms of availability 595.00
International Standard Book Number 9789380032146
035 ## - SYSTEM CONTROL NUMBER
System control number EN-78335
037 ## - SOURCE OF ACQUISITION
Source of stock number/acquisition DBAD / PUB
040 ## - CATALOGING SOURCE
Original cataloging agency dpl
Language of cataloging English
082 ## - DEWEY DECIMAL CLASSIFICATION NUMBER
Classification number 658.827
100 ## - MAIN ENTRY--PERSONAL NAME
Personal name Tai, Jacky
245 ## - TITLE STATEMENT
Title Killer differentiators:
Statement of responsibility, etc by Jacky Tai [and] Wilson Chew
Remainder of title 13 strategies to grow your brand /
260 ## - PUBLICATION, DISTRIBUTION, ETC. (IMPRINT)
Place of publication, distribution, etc New Delhi
Name of publisher, distributor, etc Westland
Date of publication, distribution, etc 2008
270 ## - ADDRESS
Address F-5, Okhla Industrial Area, Phase-I, Mezzanine Floor,
City New Delhi
Postal code 110020
300 ## - PHYSICAL DESCRIPTION
Extent 343p.
Dimensions 25cm (Hb)
650 ## - SUBJECT ADDED ENTRY--TOPICAL TERM
Topical term or geographic name as entry element Brand name products
650 ## - SUBJECT ADDED ENTRY--TOPICAL TERM
Topical term or geographic name as entry element Branding (marketing)
942 ## - ADDED ENTRY ELEMENTS (KOHA)
Source of classification or shelving scheme Dewey Decimal Classification
Item type English Books
Call number suffix TAI
Classification part 658.827
Holdings
Withdrawn status Lost status Source of classification or shelving scheme Damaged status Not for loan Collection code Home library Current library Date acquired Source of acquisition Cost, normal purchase price Total Checkouts Full call number Barcode Date last seen Copy number Cost, replacement price Koha item type
    Dewey Decimal Classification   Not For Loan Non-fiction D.B.Act.Division D.B.Act.Division 21/08/2009 DBAD / PUB 595.00   658.827 TAI EN-78335 21/08/2009 1 595.00 English Books

© Delhi Public Library
Hit Counter
free hit counter